000 00513cam a22001691 4500
082 _a624.1821
_bINS
_cL-20, P-22.
110 2 _aInstitute of Welding.
_943086
245 1 0 _aHandbook for welded structural steelwork.
250 _a[4th ed. reprinted with corrections]
260 _aLondon
_c[1949]
300 _a234 p.
_billus., diagrs., tables
_c22 cm.
526 _a0
_b0
_c0
_d624_182100000000000_INS
650 0 _aBuilding, Iron and steel.
650 0 _aMCE
_9379
650 0 _aWelding.
_9189
942 _2ddc
_cBK
999 _c546888
_d546888